[Event "34 Nezhmetdinov Cup"]
[Site "Êàçàíü, "]
[Date "2012.09.29"]
[Round "4.3"]
[White "Volkov, Sergey"]
[Black "Predke, Alexandr"]
[Result "1-0"]
[WhiteElo "2575"]
[BlackElo "2496"]
[PlyCount "79"]
[EventDate "2013.??.??"]

1. d4 Nf6 2. c4 e6 3. Nf3 b6 4. g3 Bb7 5. Bg2 Be7 6. O-O O-O 7. Nc3 Ne4 8. Qc2
Nxc3 9. Qxc3 c5 10. Bf4 d6 11. Rad1 Qc7 12. d5 exd5 13. cxd5 Bf6 14. Qc2 Qe7
15. Nd2 Nd7 16. Ne4 Be5 17. Bg5 f6 18. Bc1 h6 19. f4 Bd4+ 20. e3 f5 21. Nf2 Bf6
22. Bh3 g6 23. g4 g5 24. Qxf5 gxf4 25. exf4 Bd4 26. Qe6+ Qxe6 27. dxe6 Nf6 28.
f5 Kh7 29. Bg2 d5 30. h3 a5 31. Rfe1 a4 32. Bf3 a3 33. bxa3 b5 34. Kg2 Ra4 35.
Re2 Rc4 36. Bb2 Bxb2 37. Rxb2 Bc6 38. Nd3 Rc3 39. Ne5 Ba8 40. Rxb5 1-0

[Event "34 Nezhmetdinov Cup"]
[Site "Êàçàíü, "]
[Date "2012.09.29"]
[Round "4.4"]
[White "Pasiev, Rakhim"]
[Black "Frolyanov, Dmitry"]
[Result "1-0"]
[WhiteElo "2333"]
[BlackElo "2560"]
[PlyCount "117"]
[EventDate "2013.??.??"]

1. e4 c5 2. Nf3 d6 3. d4 cxd4 4. Nxd4 Nf6 5. Nc3 Nc6 6. Be2 e6 7. Be3 Be7 8.
O-O O-O 9. Kh1 a6 10. f4 Bd7 11. Qe1 b5 12. a3 Nxd4 13. Bxd4 Bc6 14. Qg3 g6 15.
Bf3 Rc8 16. Rad1 Qc7 17. f5 a5 18. e5 dxe5 19. Bxe5 Qb7 20. fxe6 fxe6 21. Qh3
Bxf3 22. Qxe6+ Rf7 23. Rxf3 Qc6 24. Qxc6 Rxc6 25. Rdf1 Rf8 26. Nxb5 Rxc2 27.
Bc3 Ne4 28. Nd4 Rxf3 29. gxf3 Rf2 30. Rxf2 Nxf2+ 31. Kg2 Nd1 32. Nc6 Bc5 33. a4
Nxc3 34. bxc3 Bb6 35. f4 Kf7 36. Kf3 Ke6 37. Ke4 Kd6 38. Nd4 Kc5 39. Kd3 Kd5
40. Nb3 Ke6 41. Ke4 Kd6 42. c4 Kc6 43. f5 gxf5+ 44. Kxf5 Kd6 45. h4 Bd8 46. h5
h6 47. Ke4 Bb6 48. Kd3 Bd8 49. Kd4 Bf6+ 50. Ke4 Kc6 51. Nxa5+ Kc5 52. Kd3 Be7
53. Nb3+ Kb4 54. Nd4 Kxa4 55. Ke4 Bg5 56. Kd5 Ka5 57. c5 Ka6 58. Kd6 Kb7 59.
Kd7 1-0

[Event "34 Nezhmetdinov Cup"]
[Site "Êàçàíü, "]
[Date "2012.09.29"]
[Round "4.5"]
[White "Ibragimov, Ildar"]
[Black "Ponfilenok, Vladimir"]
[Result "1-0"]
[WhiteElo "2546"]
[BlackElo "2392"]
[PlyCount "93"]
[EventDate "2013.??.??"]

1. Nf3 e6 2. c4 f5 3. g3 Nf6 4. Bg2 d5 5. O-O Be7 6. d3 O-O 7. Nbd2 Nc6 8. cxd5
exd5 9. Nb3 a5 10. a4 Bd6 11. Be3 b6 12. Nbd4 Nxd4 13. Nxd4 c5 14. Nb5 Be6 15.
Nxd6 Qxd6 16. Bf4 Qc6 17. Rc1 Rac8 18. b3 Qd7 19. d4 c4 20. Be5 Ne4 21. bxc4
Rxc4 22. Rxc4 dxc4 23. f3 Nc3 24. Qa1 Nxa4 25. d5 Bxd5 26. Rd1 Qc6 27. Bxg7 Rf7
28. e4 Rxg7 29. exd5 Qd7 30. d6 Nc5 31. Bf1 Nd3 32. Bxd3 cxd3 33. Rxd3 Qe6 34.
Qc3 Rd7 35. Qc8+ Kf7 36. Qc6 Qe1+ 37. Kg2 Qe2+ 38. Kh3 Qe6 39. Qxb6 f4+ 40. g4
Qe2 41. Qb5 Qf1+ 42. Kh4 Qe1+ 43. Kg5 h6+ 44. Kxf4 Qc1+ 45. Re3 Rd8 46. Qf5+
Kg7 47. Qe5+ 1-0

[Event "34 Nezhmetdinov Cup"]
[Site "Êàçàíü, "]
[Date "2012.09.29"]
[Round "4.7"]
[White "Goganov, Aleksey"]
[Black "Yandemirov, Valeri"]
[Result "0-1"]
[WhiteElo "2525"]
[BlackElo "2398"]
[PlyCount "56"]
[EventDate "2013.??.??"]

1. d4 Nf6 2. c4 g6 3. f3 d5 4. cxd5 Nxd5 5. e4 Nb6 6. Nc3 Bg7 7. Be3 Nc6 8. d5
Ne5 9. Bd4 O-O 10. f4 Ng4 11. Bxg7 Kxg7 12. Qd4+ f6 13. Nf3 e5 14. dxe6 Qe7 15.
f5 Rd8 16. Nd5 Nxd5 17. exd5 gxf5 18. O-O-O c6 19. Nh4 Bxe6 20. d6 Qd7 21. h3
Ne5 22. g4 Kh8 23. g5 Bd5 24. gxf6 Qxd6 25. Rg1 Qxf6 26. Nxf5 Qxf5 27. Bd3 Qf6
28. Bxh7 Bf3 0-1

[Event "34 Nezhmetdinov Cup"]
[Site "Êàçàíü, "]
[Date "2012.09.29"]
[Round "4.8"]
[White "Savchenko, Boris"]
[Black "Gerasimov, Ivan"]
[Result "1-0"]
[WhiteElo "2523"]
[BlackElo "2330"]
[PlyCount "61"]
[EventDate "2013.??.??"]

1. e4 c5 2. Nf3 d6 3. d4 cxd4 4. Nxd4 Nf6 5. Nc3 a6 6. Bg5 e6 7. f4 Nbd7 8. Qf3
Be7 9. O-O-O Qc7 10. g4 h6 11. Bxf6 gxf6 12. h4 Nb6 13. g5 hxg5 14. hxg5 Rxh1
15. Qxh1 fxg5 16. Qh8+ Bf8 17. f5 Bd7 18. Qg8 e5 19. Ne6 fxe6 20. Qg6+ Kd8 21.
Qf6+ Be7 22. Qh8+ Be8 23. f6 Nd7 24. f7 Nf8 25. fxe8=R+ Kxe8 26. Bh3 Rc8 27.
Bxe6 Rb8 28. Nd5 Qc5 29. Qh5+ Kd8 30. Qf7 Nxe6 31. Qxe7+ 1-0

[Event "34 Nezhmetdinov Cup"]
[Site "Êàçàíü, "]
[Date "2012.09.29"]
[Round "4.9"]
[White "Tunik, Gennady"]
[Black "Sadykov, Ramil"]
[Result "1/2-1/2"]
[WhiteElo "2456"]
[BlackElo "2234"]
[PlyCount "107"]
[EventDate "2013.??.??"]

1. d4 d5 2. Nf3 Nf6 3. c4 c6 4. Qb3 dxc4 5. Qxc4 Bf5 6. g3 e6 7. Bg2 Be7 8. O-O
O-O 9. e3 Nbd7 10. Rd1 Rc8 11. Qe2 c5 12. Nc3 Ne4 13. dxc5 Nxc3 14. bxc3 Qc7
15. c6 bxc6 16. Nd4 Nb8 17. h4 c5 18. Nxf5 exf5 19. Rb1 Nc6 20. c4 Rfd8 21. Bb2
Rxd1+ 22. Rxd1 Rd8 23. Rxd8+ Nxd8 24. Qd3 g6 25. Bd5 Kf8 26. h5 Qb6 27. Qc3 f6
28. hxg6 hxg6 29. Qc2 Kg7 30. Bc3 Nf7 31. Qa4 Ne5 32. Qe8 Qd8 33. Qb5 Bd6 34.
Qb7+ Qc7 35. Qxc7+ Bxc7 36. f4 Ng4 37. Bd2 Kf8 38. Kf1 Ke7 39. Ke2 Bb6 40. Kd3
Nf2+ 41. Kc2 Ne4 42. Be1 Nd6 43. Kd3 Kd7 44. Bf3 Ke6 45. g4 Bd8 46. Bd5+ Kd7
47. gxf5 gxf5 48. Kc2 Bb6 49. Kd3 Ke7 50. Bd2 Kd7 51. Ke2 Ke7 52. Kf3 Bc7 53.
Bc3 Bd8 54. Ke2 1/2-1/2

[Event "34 Nezhmetdinov Cup"]
[Site "Êàçàíü, "]
[Date "2012.09.29"]
[Round "4.10"]
[White "Chigaev, Maksim"]
[Black "Ivanov, Oleg"]
[Result "1-0"]
[WhiteElo "2456"]
[BlackElo "2177"]
[PlyCount "57"]
[EventDate "2013.??.??"]

1. e4 e5 2. Nf3 Nc6 3. Nc3 Nf6 4. g3 Bc5 5. Bg2 d6 6. d3 a6 7. O-O h6 8. h3 Nd4
9. Nd2 Be6 10. Nc4 Qd7 11. Kh2 g5 12. Nd5 Bxd5 13. exd5 Nf5 14. Qf3 h5 15. Bxg5
Ng4+ 16. Kg1 f6 17. hxg4 hxg4 18. Qxg4 fxg5 19. Bh3 Rxh3 20. Qxh3 O-O-O 21. Ne3
Nd4 22. Qxd7+ Kxd7 23. Kg2 Rf8 24. Ng4 c6 25. dxc6+ Kxc6 26. Rad1 b5 27. Rh1
Bb6 28. Rh6 Bc5 29. Rf6 1-0

[Event "34 Nezhmetdinov Cup"]
[Site "Êàçàíü, "]
[Date "2012.09.29"]
[Round "4.11"]
[White "Glukhov, Alexander"]
[Black "Sharafiev, Azat"]
[Result "0-1"]
[WhiteElo "2150"]
[BlackElo "2414"]
[PlyCount "64"]
[EventDate "2013.??.??"]

1. e4 c5 2. Nf3 d6 3. d4 cxd4 4. Nxd4 Nf6 5. Nc3 a6 6. Be3 Ng4 7. Bc1 Nf6 8.
Be3 Nbd7 9. f3 e6 10. Qd2 b5 11. g4 h6 12. a3 Bb7 13. Qf2 Rc8 14. h4 d5 15.
exd5 Nxd5 16. Nxd5 Bxd5 17. Bd3 Ne5 18. O-O Be7 19. h5 Nxd3 20. cxd3 Bh4 21.
Qd2 O-O 22. Ne2 Bb7 23. d4 Qd6 24. Bf4 Qd7 25. Rad1 Rfd8 26. g5 e5 27. Bxe5
Bxg5 28. Bf4 Bf6 29. Rf2 Qh3 30. Rdf1 Qxh5 31. Rh2 Qf5 32. Bxh6 Bxf3 0-1

[Event "34 Nezhmetdinov Cup"]
[Site "Êàçàíü, "]
[Date "2012.09.29"]
[Round "4.12"]
[White "Demianjuk, Alexander"]
[Black "Burmakin, Vladimir"]
[Result "0-1"]
[WhiteElo "2324"]
[BlackElo "2596"]
[PlyCount "158"]
[EventDate "2013.??.??"]

1. d4 c6 2. c4 d5 3. Nc3 Nf6 4. cxd5 cxd5 5. Bf4 e6 6. e3 Bd6 7. Bxd6 Qxd6 8.
Bd3 a6 9. Nf3 b5 10. O-O Nbd7 11. a4 b4 12. Na2 a5 13. Nc1 O-O 14. Nb3 Bb7 15.
Bb5 Bc6 16. Bxc6 Qxc6 17. Ne1 Ne4 18. Nd3 Rfc8 19. f3 Nd6 20. Nbc5 Nxc5 21.
Nxc5 Nc4 22. Qe2 e5 23. Rac1 exd4 24. exd4 Qf6 25. Qf2 Rc7 26. Rfe1 Rac8 27.
Nd3 g6 28. g3 Nb6 29. Rxc7 Rxc7 30. Nc5 Kg7 31. b3 Nd7 32. Nxd7 Rxd7 33. Qe3
Rc7 34. Qe5 Rc3 35. Qxf6+ Kxf6 36. Re5 Rxf3 37. Rxd5 Rxb3 38. Rxa5 Ra3 39. g4
Ra2 40. g5+ Ke6 41. Rb5 Rxa4 42. Kg2 Ra2+ 43. Kg3 Rb2 44. h4 b3 45. Kh3 Kd6 46.
d5 Rb1 47. Kg2 Ke5 48. Kh2 b2 49. Kg2 Kd4 50. Rb7 Kxd5 51. Rb4 Ke6 52. Rb5 Ke7
53. Rb8 Kd6 54. Rb7 Ke5 55. Re7+ Kd6 56. Rb7 Ke6 57. Rb5 f5 58. gxf6 Kxf6 59.
Kh2 Ke6 60. Kg2 Kd6 61. Rb8 Ke5 62. Rb7 Kd4 63. Rb8 Kd3 64. Rb7 h6 65. Rd7+ Ke3
66. Rb7 Rd1 67. Rxb2 Rd2+ 68. Rxd2 Kxd2 69. Kf3 Kd3 70. Kf4 Kd4 71. h5 g5+ 72.
Kf5 Kd5 73. Kg6 g4 74. Kxh6 g3 75. Kg7 g2 76. h6 g1=Q+ 77. Kh8 Qd4+ 78. Kg8
Qg4+ 79. Kh8 Qf5 0-1

[Event "34 Nezhmetdinov Cup"]
[Site "Êàçàíü, "]
[Date "2012.09.29"]
[Round "4.13"]
[White "Hasangatin, Ramil"]
[Black "Toropov, Pavel"]
[Result "0-1"]
[WhiteElo "2503"]
[BlackElo "2261"]
[PlyCount "70"]
[EventDate "2013.??.??"]

1. e4 d5 2. exd5 Nf6 3. Nf3 Qxd5 4. d4 Bg4 5. Be2 e6 6. h3 Bxf3 7. Bxf3 Qa5+ 8.
c3 c6 9. Bf4 Nbd7 10. Nd2 Qf5 11. Bg3 Nb6 12. a4 Nbd5 13. Qb3 O-O-O 14. Nc4 Nf4
15. Ne5 Qg5 16. h4 Qh6 17. Nc4 Bd6 18. Nxd6+ Rxd6 19. Qc2 g5 20. Bxf4 gxf4 21.
O-O-O Rg8 22. Qe2 Nd7 23. a5 a6 24. b4 Re8 25. c4 Qf6 26. Qe4 e5 27. d5 c5 28.
Bg4 Kb8 29. Bxd7 Rxd7 30. bxc5 Rc8 31. c6 bxc6 32. dxc6 Qxc6 33. Qxe5+ Kb7 34.
Rxd7+ Qxd7 35. Qxf4 Qd5 0-1

[Event "34 Nezhmetdinov Cup"]
[Site "Êàçàíü, "]
[Date "2012.09.29"]
[Round "4.14"]
[White "Yeletsky, Ivan"]
[Black "Isajevsky, Anton"]
[Result "1-0"]
[WhiteElo "2099"]
[BlackElo "2427"]
[PlyCount "101"]
[EventDate "2013.??.??"]

1. e4 c5 2. Nf3 Nc6 3. d4 cxd4 4. Nxd4 Nf6 5. Nc3 Qb6 6. Nb3 e6 7. Be3 Qc7 8.
a3 a6 9. f4 d6 10. Be2 Be7 11. O-O O-O 12. Qe1 b5 13. Bf3 Rb8 14. Qf2 Re8 15.
e5 Nd7 16. exd6 Bxd6 17. Rad1 Nf6 18. Bxc6 Qxc6 19. Na5 Qc7 20. Ba7 Bxf4 21.
Bxb8 Bxh2+ 22. Kh1 Qxb8 23. Ne4 Be5 24. Nc6 Qb7 25. Nxe5 Qxe4 26. Qg3 Kf8 27.
Rf2 h6 28. Rdf1 Re7 29. Rd1 Re8 30. Rdf1 Re7 31. Rxf6 gxf6 32. Rxf6 Qxc2 33.
Ng6+ Ke8 34. Nxe7 Kxe7 35. Qh4 Qc1+ 36. Rf1+ Qg5 37. Qb4+ Ke8 38. Qd6 Qe7 39.
Qe5 f5 40. Rd1 Kf7 41. Rc1 Bd7 42. Rc7 Qd8 43. Kg1 Kg6 44. Qd6 Qh4 45. Rc1 Qe4
46. Rc3 Qd5 47. Qf8 Qd4+ 48. Kh2 f4 49. Qg8+ Kf5 50. Qh7+ Ke5 51. Rd3 1-0

[Event "34 Nezhmetdinov Cup"]
[Site "Êàçàíü, "]
[Date "2012.09.29"]
[Round "4.15"]
[White "Loskutov, Oleg"]
[Black "Mirzanurov, Bulat"]
[Result "1-0"]
[WhiteElo "2422"]
[BlackElo "2208"]
[PlyCount "49"]
[EventDate "2013.??.??"]

1. e4 e6 2. d4 d5 3. Nc3 Nf6 4. Bg5 Bb4 5. e5 h6 6. Be3 Ne4 7. Qg4 g6 8. a3
Bxc3+ 9. bxc3 c5 10. Bd3 Qa5 11. Ne2 cxd4 12. Bxd4 Nc6 13. O-O Bd7 14. Bxe4
dxe4 15. Ng3 O-O-O 16. Nxe4 f5 17. Nd6+ Kb8 18. Qf3 Be8 19. Rfb1 Rh7 20. Rb2
Ka8 21. Rab1 Nxd4 22. cxd4 Bc6 23. Nxb7 Qc7 24. Qxc6 Qxc6 25. Nxd8 1-0

[Event "34 Nezhmetdinov Cup"]
[Site "Êàçàíü, "]
[Date "2012.09.29"]
[Round "4.17"]
[White "Vlasenko, Miroslav"]
[Black "Sarana, Alexey"]
[Result "1/2-1/2"]
[WhiteElo "2400"]
[BlackElo "2118"]
[PlyCount "84"]
[EventDate "2013.??.??"]

1. d4 d5 2. Nf3 Nf6 3. e3 c5 4. Bd3 Nc6 5. c3 Bg4 6. Nbd2 e6 7. Qa4 c4 8. Bb1
Bf5 9. b3 cxb3 10. axb3 Bd6 11. Bxf5 exf5 12. Ba3 O-O 13. O-O Ne4 14. Bxd6 Qxd6
15. Nxe4 fxe4 16. Nd2 f5 17. c4 a6 18. Qa3 Qh6 19. Qc5 dxc4 20. Nxc4 Qg5 21.
Nd6 Qe7 22. d5 Nd8 23. Rfc1 Rf6 24. Nb5 Qe5 25. b4 Nf7 26. Nc7 Rc8 27. g3 g5
28. Qd4 Rd8 29. b5 Qxd4 30. exd4 h5 31. bxa6 bxa6 32. Rc6 Rxc6 33. dxc6 Rxd4
34. Rc1 Nd6 35. Nxa6 Rc4 36. Rxc4 Nxc4 37. c7 Nb6 38. h4 gxh4 39. gxh4 Kf7 40.
Nb4 Ke6 41. Nc2 Kd7 42. Nd4 f4 1/2-1/2

[Event "34 Nezhmetdinov Cup"]
[Site "Êàçàíü, "]
[Date "2012.09.29"]
[Round "4.19"]
[White "Nizamov, Bulat"]
[Black "Dvoirys, Semen I"]
[Result "0-1"]
[WhiteElo "1901"]
[BlackElo "2533"]
[PlyCount "88"]
[EventDate "2013.??.??"]

1. d4 Nf6 2. c4 e6 3. Nc3 Bb4 4. e3 c5 5. Nge2 cxd4 6. exd4 O-O 7. a3 Be7 8.
Nf4 d6 9. Be2 a6 10. O-O b6 11. Bf3 Ra7 12. b3 Bb7 13. Bb2 Qc7 14. Bxb7 Rxb7
15. Nh5 Nxh5 16. Qxh5 b5 17. cxb5 axb5 18. b4 d5 19. Qe2 Qb6 20. Rfc1 Bf6 21.
a4 Qxd4 22. axb5 Nd7 23. Na4 Qxb4 24. Bxf6 Nxf6 25. b6 Ra8 26. Qc2 h6 27. h3 d4
28. Qc6 Rab8 29. Rcb1 Qd2 30. Nc5 Qc2 31. Qxb7 Rxb7 32. Nxb7 Ne4 33. Rf1 Qc6
34. Nd8 Qxb6 35. Ra8 Kh7 36. Nxf7 Qc7 37. Rh8+ Kg6 38. Rf8 d3 39. Rd8 d2 40.
Rd7 Qc5 41. Nd8 Qc1 42. Nf7 Nc3 43. Ne5+ Kh7 44. Ng4 Ne2+ 0-1

[Event "34 Nezhmetdinov Cup"]
[Site "Êàçàíü, "]
[Date "2012.09.29"]
[Round "4.21"]
[White "Arslanov, Shamil"]
[Black "Elistratov, Semen"]
[Result "0-1"]
[WhiteElo "2416"]
[BlackElo "2000"]
[PlyCount "60"]
[EventDate "2013.??.??"]

1. e4 c5 2. c3 Nf6 3. e5 Nd5 4. d4 cxd4 5. Nf3 Nc6 6. Bc4 Nb6 7. Bb3 d5 8. exd6
Qxd6 9. O-O Be6 10. Na3 dxc3 11. Qe2 Bxb3 12. Nb5 Qd7 13. axb3 c2 14. Bf4 Nd5
15. Nd6+ Kd8 16. Nxf7+ Ke8 17. Nd6+ Kd8 18. Nf7+ Ke8 19. Nxh8 Nxf4 20. Qxc2 Qg4
21. Ne1 Nd4 22. Qc4 Rc8 23. Qf7+ Kd7 24. Kh1 Rc6 25. f3 Qh4 26. g3 Qh3 27. Rf2
Nfe2 28. Qd5+ Kc8 29. Nf7 Nxg3+ 30. Kg1 Nde2+ 0-1

[Event "34 Nezhmetdinov Cup"]
[Site "Êàçàíü, "]
[Date "2012.09.29"]
[Round "4.22"]
[White "Zlachevskiy, Leonid"]
[Black "Ayupov, Damir"]
[Result "1-0"]
[WhiteElo "2124"]
[BlackElo "2362"]
[PlyCount "89"]
[EventDate "2013.??.??"]

1. e4 c5 2. Nc3 d6 3. Nge2 Nf6 4. d4 cxd4 5. Nxd4 a6 6. Bc4 e6 7. Bb3 b5 8. Bg5
Be7 9. O-O O-O 10. f4 Qb6 11. Kh1 b4 12. Nce2 Nbd7 13. Ng3 Bd8 14. c3 bxc3 15.
bxc3 h6 16. Bxf6 Nxf6 17. Rb1 Qc5 18. Qf3 Ra7 19. f5 e5 20. Nde2 Bb7 21. Rfd1
Ba5 22. Bc2 d5 23. exd5 Bxd5 24. Be4 Bxa2 25. Ra1 Bc4 26. Ng1 Rb8 27. Nh5 Nxh5
28. Qxh5 f6 29. Qf3 Kh7 30. Bd5 Rb5 31. Be6 Bxe6 32. fxe6 Qe7 33. c4 Rc5 34.
Rd5 Rxd5 35. cxd5 Bb4 36. Qd3+ g6 37. Rxa6 Rxa6 38. Qxa6 f5 39. Nf3 Bd6 40. g3
Kg7 41. Nd2 Kf6 42. Nc4 Bc5 43. Qc8 Bd4 44. h4 Qa7 45. Qf8+ 1-0

[Event "34 Nezhmetdinov Cup"]
[Site "Êàçàíü, "]
[Date "2012.09.29"]
[Round "4.23"]
[White "Rumiantseva, Ksenia"]
[Black "Faizrakhmanov, Ramil"]
[Result "0-1"]
[WhiteElo "1913"]
[BlackElo "2290"]
[PlyCount "94"]
[EventDate "2013.??.??"]

1. e4 c5 2. Nf3 e6 3. c4 d6 4. Nc3 Nf6 5. Be2 a6 6. d4 cxd4 7. Nxd4 Be7 8. O-O
O-O 9. Be3 Qc7 10. Qd2 b6 11. f3 Bb7 12. Rac1 Nbd7 13. Rfd1 Rac8 14. Bf1 Qb8
15. Qf2 Rfe8 16. Nc2 Bd8 17. Rd2 Bc7 18. h3 d5 19. exd5 Bg3 20. Qe2 exd5 21.
Qd1 Bh2+ 22. Kh1 Nh5 23. Ne2 Ndf6 24. cxd5 Rxc2 25. Rcxc2 Rxe3 26. d6 Rxe2 27.
Bxe2 Bf4 28. Rd3 Nd7 29. Kg1 b5 30. Rc7 Qa7+ 31. Rd4 Be3+ 32. Kf1 Ng3+ 33. Ke1
Bxd4 34. Rxd7 Bf2+ 35. Kd2 Qe3+ 36. Kc2 Qc5+ 37. Kd2 Qg5+ 38. Kc3 Qc5+ 39. Kd2
Be3+ 40. Kd3 Qf5+ 41. Kxe3 Qxd7 42. Bd3 Qxd6 43. Kf2 g6 44. Qe1 Bc6 45. Bc2 Nh5
46. Qe3 Nf4 47. Bb1 Ne6 0-1

[Event "34 Nezhmetdinov Cup"]
[Site "Êàçàíü, "]
[Date "2012.09.29"]
[Round "4.24"]
[White "Shaydullina, Sandugach"]
[Black "Jusupov, Tabris"]
[Result "1-0"]
[WhiteElo "2162"]
[BlackElo "1954"]
[PlyCount "79"]
[EventDate "2013.??.??"]

1. d4 Nf6 2. c4 e6 3. Nc3 d5 4. cxd5 exd5 5. Bg5 Be7 6. e3 O-O 7. Bd3 h6 8. Bh4
c6 9. Qc2 Be6 10. Nf3 Nbd7 11. O-O Bg4 12. Nd2 Nh5 13. Bxe7 Qxe7 14. Rae1 Rfe8
15. h3 Be6 16. f4 Nf8 17. Rf3 Rad8 18. g4 Qh4 19. Re2 Nf6 20. Rg2 Bc8 21. Rfg3
N6h7 22. g5 hxg5 23. Nf3 Qh6 24. fxg5 Qe6 25. Ne5 g6 26. Rf2 Re7 27. h4 Nd7 28.
Ng4 Kg7 29. Nh6 Rf8 30. Ne2 Qd6 31. Nf4 c5 32. b3 cxd4 33. exd4 Re1+ 34. Kg2
Qc6 35. Qd2 Re7 36. h5 Nxg5 37. Nf5+ gxf5 38. Ne6+ Qxe6 39. Qxg5+ Kh8 40. Qg7#
1-0

[Event "34 Nezhmetdinov Cup"]
[Site "Êàçàíü, "]
[Date "2012.09.29"]
[Round "4.25"]
[White "Charochkina, Daria"]
[Black "Ismailov, Mukhit"]
[Result "0-1"]
[WhiteElo "2366"]
[BlackElo "2209"]
[PlyCount "96"]
[EventDate "2013.??.??"]

1. d4 Nf6 2. c4 c5 3. d5 e6 4. Nc3 exd5 5. cxd5 d6 6. e4 g6 7. f4 Bg7 8. Bb5+
Nfd7 9. a4 O-O 10. Nf3 Na6 11. O-O Nb4 12. f5 a6 13. Bxd7 Bxd7 14. Bg5 Bf6 15.
Qd2 c4 16. e5 dxe5 17. Ne4 Bxg5 18. Nfxg5 Qb6+ 19. Kh1 gxf5 20. a5 Qg6 21. Nc5
Bb5 22. Nf3 Nd3 23. Nh4 Qh5 24. Nxf5 Nf4 25. g4 Qh3 26. Rxf4 c3 27. bxc3 exf4
28. Qxf4 Qxc3 29. Rc1 Qb2 30. Ne4 Bd3 31. Ne7+ Kh8 32. Nf6 Rad8 33. Qh6 Rfe8
34. Nf5 Be4+ 35. Nxe4 Rxe4 36. Rg1 Qc3 37. Rg3 Re1+ 38. Kg2 Re2+ 39. Kh1 Re1+
40. Kg2 Qb2+ 41. Kh3 Re2 42. Kh4 Rxh2+ 43. Rh3 Qf2+ 44. Ng3 Rg8 45. Qd6 Qd4 46.
Ne4 Rxg4+ 47. Kh5 Rhg2 48. Ng3 Rg6 0-1

[Event "34 Nezhmetdinov Cup"]
[Site "Êàçàíü, "]
[Date "2012.09.29"]
[Round "4.26"]
[White "Shurakov, Denis"]
[Black "Vafin, Ayrat"]
[Result "1-0"]
[WhiteElo "2280"]
[BlackElo "2161"]
[PlyCount "77"]
[EventDate "2013.??.??"]

1. d4 Nf6 2. Nf3 e6 3. g3 d5 4. Bg2 Be7 5. O-O O-O 6. c4 dxc4 7. Ne5 c5 8. dxc5
Bxc5 9. Nxc4 Nc6 10. Nc3 Qe7 11. e3 e5 12. Na4 Be6 13. b3 Rfd8 14. Qe2 Bg4 15.
f3 Be6 16. Nxc5 Qxc5 17. Bb2 Bxc4 18. bxc4 Na5 19. Rac1 Rac8 20. f4 e4 21. Bxf6
gxf6 22. Bxe4 Re8 23. Qg4+ Kh8 24. Bf5 Rxe3 25. Rf2 Rg8 26. Qh5 Rg7 27. Rd1 Re8
28. Bg4 Qb6 29. c5 Qb4 30. Rd7 Nc4 31. Be2 Qe1+ 32. Bf1 Ne3 33. Qe2 Qc3 34.
Rxb7 Reg8 35. Rb3 Rxg3+ 36. hxg3 Rxg3+ 37. Rg2 Qxc5 38. Rxg3 Ng4+ 39. Rbe3 1-0

[Event "34 Nezhmetdinov Cup"]
[Site "Êàçàíü, "]
[Date "2012.09.29"]
[Round "4.28"]
[White "Shkuro, Alexandr"]
[Black "Malygin, Alexander"]
[Result "1-0"]
[WhiteElo "2030"]
[BlackElo "2200"]
[PlyCount "81"]
[EventDate "2013.??.??"]

1. d4 f5 2. Nf3 Nf6 3. e3 g6 4. b3 Bg7 5. Bb2 O-O 6. Be2 d6 7. O-O h6 8. c4 Qe8
9. Nbd2 Nbd7 10. Re1 e5 11. Nf1 e4 12. N3d2 g5 13. b4 Qg6 14. c5 d5 15. b5 f4
16. Qc2 Nb8 17. c6 bxc6 18. bxc6 Bf5 19. Qc5 Rf7 20. Qb5 Na6 21. Qxa6 Rb8 22.
Ba3 Rb6 23. Qxa7 Ng4 24. Bxg4 Bxg4 25. Rab1 Rxc6 26. Rec1 Ra6 27. Qb8+ Kh7 28.
Rb3 Qf5 29. Rxc7 Raf6 30. Rxf7 Rxf7 31. Rb7 fxe3 32. Rxf7 exf2+ 33. Kh1 Qxf7
34. Qg3 Qf4 35. Bc5 Bf6 36. Ne3 Bd8 37. Bd6 Qxg3 38. Bxg3 Be2 39. Bxf2 Bd3 40.
Nxd5 Kg6 41. Nb4 1-0

[Event "34 Nezhmetdinov Cup"]
[Site "Êàçàíü, "]
[Date "2012.09.29"]
[Round "4.28"]
[White "Trapeznikova, Darya"]
[Black "Sazonova, Anastasia"]
[Result "1/2-1/2"]
[WhiteElo "2069"]
[BlackElo "2067"]
[PlyCount "81"]
[EventDate "2013.??.??"]

1. d4 Nf6 2. c4 g6 3. Nc3 Bg7 4. e4 d6 5. Nf3 O-O 6. Be2 e5 7. d5 Nbd7 8. O-O
Ne8 9. Qc2 h6 10. g3 f5 11. Nh4 Qf6 12. exf5 gxf5 13. Bh5 Nc5 14. b4 e4 15. Bd2
Nd3 16. Ne2 Qd8 17. Ng6 Nf6 18. Nef4 Nxf4 19. Nxf4 Ng4 20. Bxg4 fxg4 21. Rad1
Qe8 22. Be3 Bf5 23. Qd2 Kh7 24. Bd4 Be5 25. Ne6 Bxe6 26. Bxe5 Bf5 27. Bf4 Qg6
28. Qe3 a5 29. b5 b6 30. a4 Qh5 31. Rd2 Bg6 32. Rb2 Rf7 33. Rd2 Re8 34. Re1 Qh3
35. Qe2 Rf5 36. Qf1 Qxf1+ 37. Kxf1 Rf7 38. Re3 Ref8 39. Kg2 Kg7 40. Rb2 Rd7 41.
Rd2 1/2-1/2

[Event "34 R.G.Nezhmetdinov Cup"]
[Site "Êàçàíü, "]
[Date "2012.09.30"]
[Round "5.1"]
[White "Vorobiov, Evgeny E"]
[Black "Onischuk, Vladimir"]
[Result "1/2-1/2"]
[WhiteElo "2594"]
[BlackElo "2547"]
[PlyCount "80"]
[EventDate "2013.??.??"]

1. d4 d6 2. c4 g6 3. Nc3 Bg7 4. Nf3 Bg4 5. e3 c5 6. d5 Bxc3+ 7. bxc3 Qa5 8. Qb3
Nd7 9. Bd3 Nb6 10. a4 Nf6 11. Nd2 e5 12. dxe6 Bxe6 13. Qb5+ Qxb5 14. cxb5 d5
15. O-O O-O-O 16. a5 Nc4 17. Bxc4 dxc4 18. e4 Ng4 19. Nf3 Rd3 20. Ba3 Nf6 21.
Bxc5 Nxe4 22. Bd4 Re8 23. Rfc1 Nd6 24. Rab1 Bf5 25. Rb2 Bd7 26. Ne5 Bxb5 27.
Nxd3 cxd3 28. c4 Ba4 29. Bxa7 Bc2 30. Be3 Nxc4 31. Rbxc2 dxc2 32. Rxc2 Re4 33.
f3 Rxe3 34. Rxc4+ Kd7 35. Rb4 Kc7 36. Rc4+ Kd7 37. Rb4 Kc7 38. Rc4+ Kd7 39. Rb4
Kc7 40. Rc4+ Kd7 1/2-1/2

[Event "34 R.G.Nezhmetdinov Cup"]
[Site "Êàçàíü, "]
[Date "2012.09.30"]
[Round "5.3"]
[White "Pasiev, Rakhim"]
[Black "Volkov, Sergey"]
[Result "1/2-1/2"]
[WhiteElo "2333"]
[BlackElo "2575"]
[PlyCount "140"]
[EventDate "2013.??.??"]

1. e4 e6 2. d4 d5 3. Nc3 Nf6 4. Bg5 dxe4 5. Nxe4 Nbd7 6. Nf3 Be7 7. Nxf6+ Bxf6
8. Qd2 Bxg5 9. Nxg5 Nf6 10. Bd3 b6 11. O-O-O Bb7 12. Bb5+ c6 13. Bd3 Qe7 14. f4
g6 15. Rhe1 O-O-O 16. f5 gxf5 17. Bxf5 Rd6 18. Qf2 Rhd8 19. Bh3 h6 20. Nf3 c5
21. dxc5 Rxd1+ 22. Rxd1 Rxd1+ 23. Kxd1 Ne4 24. Qe3 Qxc5 25. Qxh6 Nf2+ 26. Ke1
Nxh3 27. Qxh3 Qxc2 28. Qh8+ Kd7 29. Qg7 Qf5 30. Kf2 Bd5 31. a3 Ke7 32. Qc3 Qf4
33. h3 Bxf3 34. Qxf3 Qd2+ 35. Kg3 Qxb2 36. Qb7+ Kf6 37. Qxa7 e5 38. Qa4 b5 39.
Qb4 Qe2 40. Qh4+ Kf5 41. Qh7+ Ke6 42. Qh6+ Kd5 43. Qf6 Qd3+ 44. Kf2 Qc2+ 45.
Kf1 Qc1+ 46. Kf2 Qb2+ 47. Kf1 Qxa3 48. Qxf7+ Kd4 49. Qf2+ Kc4 50. Qf7+ Kd4 51.
Qf2+ Qe3 52. h4 b4 53. h5 Kd3 54. h6 Qxh6 55. Qe2+ Kd4 56. Qb2+ Kc4 57. Qc2+
Kb5 58. Qe2+ Kb6 59. Qxe5 Qc1+ 60. Ke2 Qc2+ 61. Ke3 b3 62. Qb8+ Ka5 63. Qa7+
Kb4 64. Qe7+ Ka4 65. Qa7+ Kb4 66. Qe7+ Qc5+ 67. Qxc5+ Kxc5 68. Kd2 Kb4 69. Kc1
Kc3 70. g4 Kd4 1/2-1/2

[Event "34 R.G.Nezhmetdinov Cup"]
[Site "Êàçàíü, "]
[Date "2012.09.30"]
[Round "5.4"]
[White "Yandemirov, Valeri"]
[Black "Lintchevski, Daniil"]
[Result "1-0"]
[WhiteElo "2398"]
[BlackElo "2554"]
[PlyCount "134"]
[EventDate "2013.??.??"]

1. e4 c6 2. Nc3 d5 3. Nf3 Bg4 4. h3 Bxf3 5. Qxf3 e6 6. g3 Bc5 7. Bg2 Ne7 8. O-O
O-O 9. Ne2 Nd7 10. d4 Bb6 11. c3 e5 12. exd5 Nxd5 13. dxe5 Nxe5 14. Qf5 Qf6 15.
Qxf6 Nxf6 16. Bg5 Nd3 17. Bxf6 gxf6 18. b3 Rad8 19. a4 a5 20. Ra2 Rd6 21. Be4
Rfd8 22. Bxd3 Rxd3 23. Kg2 Rd2 24. Rfa1 R8d3 25. b4 Bc7 26. bxa5 Bxa5 27. Rxd2
Rxd2 28. Kf3 Rb2 29. Ke3 Bb6+ 30. Kd3 Bxf2 31. Rf1 Bb6 32. Rxf6 Bc7 33. Rf5 Ra2
34. Rg5+ Kf8 35. Rg4 Bd6 36. Rd4 Ke7 37. Rh4 c5 38. Nf4 Bxf4 39. Rxf4 Rg2 40.
Rf3 Ra2 41. Kc4 Rxa4+ 42. Kxc5 Ra3 43. Kb4 Ra1 44. Rf5 Kf8 45. g4 Kg7 46. c4
Rb1+ 47. Kc3 Rh1 48. Rf3 Kg6 49. Kb2 Re1 50. Rb3 Re7 51. Rb6+ f6 52. Rb5 Re2+
53. Kc3 Re3+ 54. Kd4 Rxh3 55. Rxb7 Rh1 56. c5 Rd1+ 57. Ke4 Rc1 58. Kd5 h5 59.
gxh5+ Kxh5 60. c6 Rd1+ 61. Ke6 Rc1 62. c7 Kg5 63. Rb5+ Kg4 64. Kd6 Rxc7 65.
Kxc7 f5 66. Kd6 f4 67. Ke5 f3 1-0